Совместные предприятия: закономерности возникновения и перспективы развития

Dettagli Bibliografici
Autore principale: Смирнова Е. Е. Екатерина Евгеньевна
Altri autori: Хвалынская Н. В. Наталья Владимировна
Riassunto:Исключено из фонда НТБ ТПУ
Lingua:russo
Pubblicazione: Москва, Изд-во МГУ, 1988
Natura: Libro
KOHA link:https://koha.lib.tpu.ru/cgi-bin/koha/opac-detail.pl?biblionumber=253815

MARC

LEADER 00000nam0a2200000 4500
001 253815
005 20231031214603.0
010 |a 521100051X 
020 |a RU  |b 89-29897 
035 |a (RuTPU)RU\TPU\book\276230 
090 |a 253815 
100 |a 20140317d1988 k a0rusy5003 ca 
101 0 |a rus 
102 |a RU 
105 |a y z 001zy 
200 1 |a Совместные предприятия: закономерности возникновения и перспективы развития  |f Е. Е. Смирнова, Н. В. Хвалынская 
210 |a Москва  |c Изд-во МГУ  |d 1988 
215 |a 163 с. 
333 |a Исключено из фонда НТБ ТПУ 
700 1 |a Смирнова  |b Е. Е.  |g Екатерина Евгеньевна 
701 1 |a Хвалынская  |b Н. В.  |g Наталья Владимировна 
801 0 |a RU  |b RuMRKP  |c 19960704  |g psbo 
801 1 |a RU  |b 63413507  |c 20140317 
801 2 |a RU  |b 63413507  |c 20220413  |g RCR 
942 |c BK